000
002550000a22000970004500
100
1
_a
Morillo, Grace
245
1
0
_a
The transformations video
300
_a
Vol.86, núm.1 (March-june, 2006), Páginas 12-13
773
0
_t
Latin America Evangelist
942
_c
ANA
999
_c
61353
_d
61353